| 000 | 00722nam a2200241 4500 | ||
|---|---|---|---|
| 003 | OSt | ||
| 005 | 20260601171008.0 | ||
| 008 | 260509b\\\\\\\\||||||||\||||\00|\0\eng\d | ||
| 040 |
_aICI _bspa _cICI |
||
| 050 |
_aNK1390 _bJ37 1989 |
||
| 245 | 1 |
_aJAPAN DESIGNERS ASSOCIATION: _bJIDA YEARBOOK 1988-1989 |
|
| 264 |
_bJIDA ORG. _c1999 _aJapón |
||
| 300 | _a230 páginas | ||
| 336 |
_atexto _2rdacontent |
||
| 337 |
_asin medio _2rdamedia |
||
| 338 |
_avolumen _2rdacarrier |
||
| 650 |
_aDiseño industrial _zJapón |
||
| 650 |
_aDiseño japonés contemporáneo _932691 |
||
| 650 |
_aDiseñadores industriales _zJapón _932692 |
||
| 650 | _aDiseño de productos | ||
| 650 |
_aAnuarios de diseño _932694 |
||
| 942 |
_2lcc _cB _n1 |
||
| 999 |
_c20391 _d20391 |
||